[Event "Valencia tch - Division de Honor"]
[Site "Comunidad Valenciana"]
[Date "2009.01.31"]
[Round "4.2"]
[White "Barbera Estelles, Rosendo"]
[Black "Roca Galarza, Jose"]
[Result "0-1"]
[WhiteElo "2211"]
[BlackElo "2320"]
[PlyCount "86"]
[EventDate "2009.01.10"]
[EventType "team"]
[EventRounds "9"]
[EventCountry "ESP"]
[Source "lmi"]
[SourceDate "2009.01.10"]
[WhiteTeam "Ateneo Maritimo"]
[BlackTeam "C.M. Castellon"]

1. e4 Nf6 2. e5 Nd5 3. d4 d6 4. Nf3 Nb6 5. a4 a5 6. Nc3 g6 7. exd6 cxd6 8. Bb5+
Bd7 9. h4 h5 10. Bg5 Bxb5 11. axb5 f6 12. Bf4 d5 13. Qd3 Kf7 14. O-O Bg7 15.
Rfe1 N8d7 16. Re2 Re8 17. Rae1 Nf8 18. b3 Qd7 19. Qd2 a4 20. bxa4 Nxa4 21. Nxa4
Rxa4 22. Rb1 b6 23. Rb4 Rxb4 24. Qxb4 Rc8 25. c3 Rc4 26. Qb3 Qf5 27. Bg3 Bh6
28. Qa3 Qd7 29. Qa6 Rxc3 30. Qxb6 Rb3 31. Qc5 Ne6 32. Qc6 Qxc6 33. bxc6 Rc3 34.
Rb2 Rxc6 35. Rb5 Bf4 36. Rxd5 Bxg3 37. fxg3 Rc1+ 38. Kf2 Rc2+ 39. Kf1 Ng7 40.
Ng1 Nf5 41. Rd7 Nxg3+ 42. Ke1 Rc1+ 43. Kf2 Nh1+ 0-1

[Event "Valencia tch - Division de Honor"]
[Site "Comunidad Valenciana"]
[Date "2009.01.31"]
[Round "4.3"]
[White "Varley, Peter"]
[Black "Plaza Pardo, Daniel"]
[Result "1/2-1/2"]
[WhiteElo "2259"]
[BlackElo "2205"]
[PlyCount "103"]
[EventDate "2009.01.10"]
[EventType "team"]
[EventRounds "9"]
[EventCountry "ESP"]
[Source "lmi"]
[SourceDate "2009.01.10"]
[WhiteTeam "C.M. Castellon"]
[BlackTeam "Ateneo Maritimo"]

1. d4 Nf6 2. c4 c5 3. d5 e6 4. Nc3 exd5 5. cxd5 d6 6. e4 g6 7. f4 Bg7 8. Bb5+
Nfd7 9. a4 O-O 10. Nf3 Na6 11. O-O Nb4 12. Re1 a6 13. Bf1 Re8 14. h3 b6 15. Bc4
Bb7 16. Ra3 Rc8 17. Ng5 Bd4+ 18. Kh1 Nf6 19. Bf1 Qe7 20. Bd2 Qf8 21. Nf3 Bf2
22. Re2 Bg3 23. e5 dxe5 24. fxe5 Nfxd5 25. Ne4 Bf4 26. Bxf4 Nxf4 27. Nf6+ Kh8
28. Nxe8 Nxe2 29. Nd6 Ng3+ 30. Kg1 Rc7 31. Ng5 Nxf1 32. Qxf1 Bd5 33. Qf6+ Kg8
34. Rg3 Qe7 35. Qf4 Nc6 36. Rd3 Nd4 37. Re3 Ne6 38. Nxe6 Qxe6 39. Qg5 Re7 40.
Nc8 Rd7 41. Rd3 h6 42. Qxh6 Qxe5 43. Qh4 Qc7 44. Rxd5 Qxc8 45. Qg4 Rc7 46. Qd1
Qe6 47. Rd6 Qe3+ 48. Kh1 c4 49. Rxg6+ fxg6 50. Qd8+ Kh7 51. Qxc7+ Kh6 52. Qxc4
1/2-1/2

[Event "Valencia tch - Division de Honor"]
[Site "Comunidad Valenciana"]
[Date "2009.01.31"]
[Round "4.4"]
[White "Balada Moreno, Jose Luis"]
[Black "Jordan Martinez, David"]
[Result "1/2-1/2"]
[WhiteElo "2162"]
[BlackElo "2130"]
[PlyCount "87"]
[EventDate "2009.01.10"]
[EventType "team"]
[EventRounds "9"]
[EventCountry "ESP"]
[Source "lmi"]
[SourceDate "2009.01.10"]
[WhiteTeam "Ateneo Maritimo"]
[BlackTeam "C.M. Castellon"]

1. e4 c5 2. Nc3 Nc6 3. f4 g6 4. Nf3 Bg7 5. d3 e6 6. Be2 Nge7 7. O-O O-O 8. Qe1
Nd4 9. Bd1 Nec6 10. Ne2 d6 11. c3 Nxe2+ 12. Bxe2 b5 13. g4 f5 14. h3 b4 15. Bd2
Bd7 16. Bd1 a5 17. Qg3 a4 18. a3 bxc3 19. Bxc3 Nd4 20. Bxd4 Bxd4+ 21. Nxd4 cxd4
22. Rf2 Qa5 23. Bf3 Rac8 24. h4 Rf7 25. Rg2 Rg7 26. gxf5 exf5 27. h5 Be6 28.
Qg5 Kf7 29. h6 Rgg8 30. Re2 Qd8 31. Rae1 Qxg5+ 32. fxg5 f4 33. e5 d5 34. Rf2
Ke7 35. Bd1 Rgf8 36. Bxa4 Rf5 37. Kf1 Rxg5 38. Rxf4 Rh5 39. Kg2 Rxh6 40. Rxd4
Rh5 41. Rb4 Rg5+ 42. Kh2 Rh5+ 43. Kg2 Rg5+ 44. Kh2 1/2-1/2

[Event "Valencia tch - Division de Honor"]
[Site "Comunidad Valenciana"]
[Date "2009.01.31"]
[Round "4.5"]
[White "Orti Camany, Vicente Jose"]
[Black "Martinez Sykora, Antonio"]
[Result "0-1"]
[WhiteElo "2159"]
[BlackElo "2159"]
[PlyCount "60"]
[EventDate "2009.01.10"]
[EventType "team"]
[EventRounds "9"]
[EventCountry "ESP"]
[Source "lmi"]
[SourceDate "2009.01.10"]
[WhiteTeam "C.M. Castellon"]
[BlackTeam "Ateneo Maritimo"]

1. e4 c5 2. Nf3 Nc6 3. Bb5 e6 4. Bxc6 bxc6 5. c4 d6 6. Nc3 e5 7. d3 f5 8. exf5
Bxf5 9. Ne4 Be7 10. Ng3 Bg6 11. O-O h5 12. Re1 h4 13. Ne4 h3 14. g3 Bh5 15.
Ned2 Nh6 16. Qa4 Qd7 17. Nxe5 dxe5 18. Rxe5 Ng4 19. Nf3 Nxe5 20. Nxe5 Qe6 21.
Bd2 Qxe5 22. Qxc6+ Kf7 23. Re1 Qf5 24. Bf4 Rhe8 25. Re5 Qxd3 26. Qe6+ Kf8 27.
Rf5+ Qxf5 28. Qxf5+ Bf6 29. Qxh3 Bf3 30. Be3 Rad8 0-1

[Event "Valencia tch - Division de Honor"]
[Site "Comunidad Valenciana"]
[Date "2009.01.31"]
[Round "4.6"]
[White "Monmeneu Chulia, Victor"]
[Black "Jordan Martinez, Miguel"]
[Result "1-0"]
[WhiteElo "2147"]
[BlackElo "2051"]
[PlyCount "54"]
[EventDate "2009.01.10"]
[EventType "team"]
[EventRounds "9"]
[EventCountry "ESP"]
[Source "lmi"]
[SourceDate "2009.01.10"]
[WhiteTeam "Ateneo Maritimo"]
[BlackTeam "C.M. Castellon"]

1. e4 e6 2. d3 c5 3. g3 Nc6 4. Bg2 Nf6 5. f4 d6 6. Nc3 Qc7 7. Nf3 a6 8. O-O Nd4
9. h3 Bd7 10. Be3 Nxf3+ 11. Qxf3 Bc6 12. Qf2 O-O-O 13. b4 Nd7 14. bxc5 dxc5 15.
a4 b6 16. Rfb1 g6 17. e5 Be7 18. Ne4 Bxe4 19. Bxe4 f6 20. c4 a5 21. exf6 Bxf6
22. Ra3 Nb8 23. Rab3 Rd6 24. Bxc5 bxc5 25. Rxb8+ Qxb8 26. Rxb8+ Kxb8 27. Qe1
Ra6 1-0

[Event "Valencia tch - Division de Honor"]
[Site "Comunidad Valenciana"]
[Date "2009.01.31"]
[Round "4.7"]
[White "Roig Aguilar, Alejandro"]
[Black "Gonzalez Aguirre, Luis"]
[Result "1-0"]
[WhiteElo "2096"]
[BlackElo "2120"]
[PlyCount "85"]
[EventDate "2009.01.10"]
[EventType "team"]
[EventRounds "9"]
[EventCountry "ESP"]
[Source "lmi"]
[SourceDate "2009.01.10"]
[WhiteTeam "C.M. Castellon"]
[BlackTeam "Ateneo Maritimo"]

1. d4 Nf6 2. c4 e6 3. Nc3 Bb4 4. e3 O-O 5. Nge2 d5 6. a3 Be7 7. cxd5 exd5 8.
Ng3 c5 9. Bd3 Nc6 10. O-O cxd4 11. exd4 Nxd4 12. Bxh7+ Kxh7 13. Qxd4 b6 14. Bg5
Kg8 15. Qh4 Re8 16. Rfe1 Be6 17. Rad1 Rc8 18. Nb5 Qd7 19. Nd4 Nh7 20. Bxe7 Rxe7
21. f4 f6 22. h3 Nf8 23. Ngf5 Bxf5 24. Rxe7 Qxe7 25. Nxf5 Qc5+ 26. Kh2 Re8 27.
Qg4 g6 28. Ng3 Kf7 29. f5 gxf5 30. Qh5+ Ke7 31. Re1+ Ne6 32. Rxe6+ Kxe6 33.
Qxe8+ Kd6 34. Nxf5+ Kc7 35. Qf7+ Kc6 36. Qxf6+ Kb5 37. h4 Ka6 38. h5 d4 39.
Nxd4 Qxh5+ 40. Kg3 Qd1 41. Qf2 Qd3+ 42. Kf4 Qg6 43. Qe2+ 1-0

[Event "Valencia tch - Division de Honor"]
[Site "Comunidad Valenciana"]
[Date "2009.01.31"]
[Round "4.8"]
[White "Campos Aucejo, Vicente"]
[Black "Mezquita Broch, Pascual"]
[Result "0-1"]
[WhiteElo "2239"]
[BlackElo "1983"]
[PlyCount "44"]
[EventDate "2009.01.10"]
[EventType "team"]
[EventRounds "9"]
[EventCountry "ESP"]
[Source "lmi"]
[SourceDate "2009.01.10"]
[WhiteTeam "Ateneo Maritimo"]
[BlackTeam "C.M. Castellon"]

1. c4 Nf6 2. Nc3 g6 3. g3 d5 4. cxd5 Nxd5 5. Bg2 Nxc3 6. bxc3 Bg7 7. Qb3 Nd7 8.
d4 O-O 9. Nf3 c5 10. O-O cxd4 11. cxd4 Nc5 12. Qc2 Ne6 13. e3 b6 14. Rd1 Bb7
15. Ba3 Rc8 16. Qd3 Re8 17. Rac1 Qd7 18. Rxc8 Rxc8 19. h4 Rc7 20. e4 Qa4 21.
Rd2 Bh6 22. Rc2 Ba6 0-1

[Event "Valencia tch - Division de Honor"]
[Site "Comunidad Valenciana"]
[Date "2009.01.31"]
[Round "4.1"]
[White "Movsziszian, Karen"]
[Black "Cabrera Pino, Alexis"]
[Result "1/2-1/2"]
[WhiteElo "2564"]
[BlackElo "2507"]
[PlyCount "52"]
[EventDate "2009.01.10"]
[EventType "team"]
[EventRounds "9"]
[EventCountry "ESP"]
[Source "lmi"]
[SourceDate "2009.01.10"]
[WhiteTeam "Alfas del Pi - Servicar"]
[BlackTeam "Mislata"]

1. e4 c5 2. b3 e6 3. Nf3 Nc6 4. Bb2 a6 5. g3 d6 6. Bg2 Nf6 7. Qe2 Be7 8. O-O
O-O 9. d4 cxd4 10. Nxd4 Bd7 11. Nxc6 Bxc6 12. Rd1 Qc7 13. c4 b5 14. Nd2 Rac8
15. Rac1 Qb7 16. Qe3 Rfd8 17. h3 Nd7 18. Bc3 Nc5 19. Re1 Bf8 20. Rcd1 d5 21.
exd5 exd5 22. cxd5 Bxd5 23. Bxd5 Qxd5 24. Ba5 Re8 25. Qf3 Qxf3 26. Nxf3 Ne6
1/2-1/2

[Event "Valencia tch - Division de Honor"]
[Site "Comunidad Valenciana"]
[Date "2009.01.31"]
[Round "4.2"]
[White "Garcia Roman, Daniel"]
[Black "Suba, Mihai"]
[Result "1-0"]
[WhiteElo "2446"]
[BlackElo "2542"]
[PlyCount "59"]
[EventDate "2009.01.10"]
[EventType "team"]
[EventRounds "9"]
[EventCountry "ESP"]
[Source "lmi"]
[SourceDate "2009.01.10"]
[WhiteTeam "Mislata"]
[BlackTeam "Alfas del Pi - Servicar"]

1. d4 Nf6 2. c4 e6 3. Nc3 Bb4 4. g3 c5 5. Nf3 Nc6 6. Bg2 Ne4 7. Bd2 Bxc3 8.
bxc3 Na5 9. dxc5 Nxc5 10. Bh6 Qf6 11. Bg5 Qxc3+ 12. Bd2 Qa3 13. Nd4 Nxc4 14.
Nb5 Qb2 15. Nc7+ Ke7 16. Rc1 d5 17. Nxa8 Bd7 18. Bc3 Qa3 19. O-O Rxa8 20. Bxg7
Bb5 21. Qd4 Nd7 22. Qh4+ Kd6 23. e4 Nce5 24. f4 Nc4 25. exd5 exd5 26. Be5+ Kc6
27. Qh6+ f6 28. Rfd1 Kb6 29. Bxf6 Ka6 30. Be7+ 1-0

[Event "Valencia tch - Division de Honor"]
[Site "Comunidad Valenciana"]
[Date "2009.01.31"]
[Round "4.3"]
[White "Arizmendi Martinez, Julen Luis"]
[Black "Vassallo Barroche, Mauricio"]
[Result "1/2-1/2"]
[WhiteElo "2498"]
[BlackElo "2423"]
[PlyCount "41"]
[EventDate "2009.01.10"]
[EventType "team"]
[EventRounds "9"]
[EventCountry "ESP"]
[Source "lmi"]
[SourceDate "2009.01.10"]
[WhiteTeam "Alfas del Pi - Servicar"]
[BlackTeam "Mislata"]

1. e4 g6 2. d4 Bg7 3. Nc3 d6 4. f4 Nf6 5. Nf3 O-O 6. Bd3 Nc6 7. e5 dxe5 8. dxe5
Nd5 9. Nxd5 Qxd5 10. Qe2 Bg4 11. c3 Rad8 12. Be4 Qd7 13. O-O Bf5 14. Bxf5 Qxf5
15. Qb5 Qc8 16. Be3 a6 17. Qb3 Na5 18. Qb4 Nc6 19. Qb3 Na5 20. Qb4 Nc6 21. Qb3
1/2-1/2

[Event "Valencia tch - Division de Honor"]
[Site "Comunidad Valenciana"]
[Date "2009.01.31"]
[Round "4.4"]
[White "Sanchez Romero, Miguel Angel"]
[Black "Granero Roca, Antonio"]
[Result "0-1"]
[WhiteElo "2235"]
[BlackElo "2386"]
[PlyCount "132"]
[EventDate "2009.01.10"]
[EventType "team"]
[EventRounds "9"]
[EventCountry "ESP"]
[Source "lmi"]
[SourceDate "2009.01.10"]
[WhiteTeam "Mislata"]
[BlackTeam "Alfas del Pi - Servicar"]

1. e4 c6 2. d4 d5 3. Nc3 dxe4 4. Nxe4 Bf5 5. Ng3 Bg6 6. Nf3 Nd7 7. h4 h6 8. h5
Bh7 9. Bd3 Bxd3 10. Qxd3 Ngf6 11. Bd2 e6 12. O-O-O Qc7 13. Ne4 O-O-O 14. g3
Nxe4 15. Qxe4 Nf6 16. Qe2 Bd6 17. c4 c5 18. Bc3 Rhe8 19. Ne5 Re7 20. Kb1 Ne8
21. dxc5 Qxc5 22. b4 Qc7 23. c5 Bxe5 24. Bxe5 Qc6 25. b5 Qg2 26. c6 Rxd1+ 27.
Rxd1 f6 28. Qd3 Qd5 29. Qxd5 exd5 30. Bf4 bxc6 31. bxc6 Nc7 32. Bxc7 Kxc7 33.
Rxd5 Kxc6 34. Rf5 Re2 35. Rf4 Kb5 36. f3 Rf2 37. Rg4 Rxf3 38. Rxg7 a5 39. Rb7+
Kc4 40. Rc7+ Kb4 41. g4 a4 42. Kb2 a3+ 43. Kc2 Rf2+ 44. Kb1 Rb2+ 45. Ka1 Rg2
46. Rb7+ Kc3 47. Rc7+ Kd3 48. Rd7+ Ke3 49. Kb1 Rxg4 50. Kc2 f5 51. Rh7 Rg8 52.
Rxh6 Rb8 53. Rf6 Rb2+ 54. Kc3 Rxa2 55. Kb3 Rh2 56. Kxa3 Rxh5 57. Kb3 f4 58. Kc2
Rd5 59. Kc3 Kf3 60. Kc4 Rd8 61. Re6 Kf2 62. Kc3 f3 63. Re7 Kf1 64. Kc2 f2 65.
Kb2 Rd5 66. Kc2 Kg2 0-1

[Event "Valencia tch - Division de Honor"]
[Site "Comunidad Valenciana"]
[Date "2009.01.31"]
[Round "4.5"]
[White "Cano Sanchez, Josue"]
[Black "Pena Riasco, Alexander"]
[Result "1-0"]
[WhiteElo "2273"]
[BlackElo "2228"]
[PlyCount "120"]
[EventDate "2009.01.10"]
[EventType "team"]
[EventRounds "9"]
[EventCountry "ESP"]
[Source "lmi"]
[SourceDate "2009.01.10"]
[WhiteTeam "Alfas del Pi - Servicar"]
[BlackTeam "Mislata"]

1. d4 Nf6 2. c4 g6 3. Nc3 Bg7 4. e4 d6 5. Be2 c6 6. Bg5 h6 7. Be3 e5 8. d5 O-O
9. h3 Ne8 10. g4 c5 11. Qd2 Kh7 12. h4 Bd7 13. h5 g5 14. f3 Na6 15. Nh3 Bf6 16.
a3 b6 17. O-O Ng7 18. Nf2 Qe7 19. b4 Rfb8 20. Rfb1 Qd8 21. Nd3 Be7 22. Rb2 Nc7
23. Rab1 Kg8 24. Bd1 Bf8 25. bxc5 bxc5 26. Ba4 Bxa4 27. Nxa4 Na6 28. Rb5 Ne8
29. Nc3 Qc8 30. Qb2 Be7 31. Bd2 Bd8 32. Qa2 Nf6 33. Nf2 Nd7 34. Nfd1 Nc7 35.
R5b3 Nb6 36. Ne3 Be7 37. Nf5 Bf8 38. Nb5 Nxb5 39. Rxb5 Nd7 40. Qc2 Nb6 41. Qb3
f6 42. Ba5 Nd7 43. a4 Kf7 44. Rb7 Ke8 45. Bc7 Rxb7 46. Qxb7 Qxb7 47. Rxb7 Nb6
48. Nxd6+ Bxd6 49. Bxd6 Nxc4 50. Rh7 Rc8 51. Rxh6 Kf7 52. Rh7+ Kg8 53. Rxa7 Nb2
54. Be7 Nc4 55. Bxf6 Nd6 56. Bxe5 Nb5 57. Rb7 Nd4 58. Kf2 Ra8 59. Rb8+ Rxb8 60.
Bxb8 c4 1-0

[Event "Valencia tch - Division de Honor"]
[Site "Comunidad Valenciana"]
[Date "2009.01.31"]
[Round "4.6"]
[White "Pavia Miralles, Jose Manuel"]
[Black "Sanchez Barbado, Carlos"]
[Result "0-1"]
[WhiteElo "2222"]
[BlackElo "2148"]
[PlyCount "61"]
[EventDate "2009.01.10"]
[EventType "team"]
[EventRounds "9"]
[EventCountry "ESP"]
[Source "lmi"]
[SourceDate "2009.01.10"]
[WhiteTeam "Mislata"]
[BlackTeam "Alfas del Pi - Servicar"]

1. d4 f5 2. Bg5 g6 3. Nc3 d5 4. e3 Nh6 5. Nf3 c6 6. h4 Nf7 7. Bf4 Nd7 8. Ng5
Nxg5 9. hxg5 Bg7 10. g4 e5 11. dxe5 Nxe5 12. gxf5 Bxf5 13. Bd3 Qd7 14. Bxf5
Qxf5 15. Qe2 Nc4 16. O-O-O Bxc3 17. bxc3 Qf8 18. Rd4 Qa3+ 19. Kd1 Qxc3 20. Rxc4
dxc4 21. Qg4 Rd8+ 22. Ke2 Qxc2+ 23. Kf3 Qf5 24. Qxf5 gxf5 25. Be5 O-O 26. a4
Rd5 27. Kf4 Re8 28. Bc3 Re4+ 29. Kf3 Rd3 30. Bf6 c3 31. Bxc3 0-1

[Event "Valencia tch - Division de Honor"]
[Site "Comunidad Valenciana"]
[Date "2009.01.31"]
[Round "4.7"]
[White "Del Valle Domenech, Rafael"]
[Black "Sanchez Perona, Alejandro"]
[Result "0-1"]
[WhiteElo "2137"]
[BlackElo "2102"]
[PlyCount "72"]
[EventDate "2009.01.10"]
[EventType "team"]
[EventRounds "9"]
[EventCountry "ESP"]
[Source "lmi"]
[SourceDate "2009.01.10"]
[WhiteTeam "Alfas del Pi - Servicar"]
[BlackTeam "Mislata"]

1. d4 d5 2. c4 c6 3. Nc3 Nf6 4. e3 Bf5 5. Bd3 Bxd3 6. Qxd3 e6 7. Nf3 Bb4 8. a3
Be7 9. O-O Nbd7 10. e4 dxe4 11. Nxe4 Nxe4 12. Qxe4 O-O 13. Rd1 Re8 14. Bf4 a5
15. Rab1 Nf6 16. Qc2 b5 17. Ne5 Qb6 18. Be3 Qb7 19. Qe2 Rac8 20. Rdc1 Bd6 21.
c5 Bxe5 22. dxe5 Nd5 23. Bd2 a4 24. Qg4 Kh8 25. Re1 Qe7 26. Bb4 Rcd8 27. Rbd1
h6 28. f4 g6 29. Qh3 Kg7 30. Qf3 h5 31. Re4 Rd7 32. Red4 Red8 33. Ba5 Ra8 34.
Bb4 Rdd8 35. g3 Rg8 36. Rf1 Rad8 0-1

[Event "Valencia tch - Division de Honor"]
[Site "Comunidad Valenciana"]
[Date "2009.01.31"]
[Round "4.8"]
[White "Castro Exposito, Cristobal"]
[Black "Navarro Lopez-Menchero, Daniel"]
[Result "1-0"]
[WhiteElo "2001"]
[BlackElo "2059"]
[PlyCount "73"]
[EventDate "2009.01.10"]
[EventType "team"]
[EventRounds "9"]
[EventCountry "ESP"]
[Source "lmi"]
[SourceDate "2009.01.10"]
[WhiteTeam "Mislata"]
[BlackTeam "Alfas del Pi - Servicar"]

1. d4 Nf6 2. Bf4 e6 3. Nf3 b6 4. e3 Be7 5. Be2 Nh5 6. Bg3 Nxg3 7. hxg3 Bb7 8.
c4 c5 9. Nc3 a6 10. Qd2 cxd4 11. exd4 d6 12. O-O-O Nd7 13. d5 e5 14. Nh4 Bg5
15. f4 exf4 16. Ne4 O-O 17. Nxg5 Qxg5 18. gxf4 Qf6 19. g4 Rfc8 20. g5 Qd8 21.
Nf5 Qf8 22. Qe3 Re8 23. Qh3 h6 24. gxh6 g6 25. Nd4 Qe7 26. Kb1 Kh7 27. f5 Nc5
28. fxg6+ fxg6 29. Rhg1 Qe4+ 30. Ka1 a5 31. Qg3 Red8 32. Bf3 Qe8 33. Bh5 Qg8
34. Bxg6+ Kh8 35. Nc6 Na4 36. Nxd8 Qxd8 37. Bc2 1-0

[Event "Valencia tch - Division de Honor"]
[Site "Comunidad Valenciana"]
[Date "2009.01.31"]
[Round "4.2"]
[White "Sanchez Jerez, Emilio"]
[Black "Ibañez Aullana, Jose Ramon"]
[Result "0-1"]
[WhiteElo "2185"]
[BlackElo "2308"]
[PlyCount "62"]
[EventDate "2009.01.10"]
[EventType "team"]
[EventRounds "9"]
[EventCountry "ESP"]
[Source "lmi"]
[SourceDate "2009.01.10"]
[WhiteTeam "Oliva"]
[BlackTeam "Alzicap"]

1. e4 e6 2. d4 d5 3. e5 c5 4. c3 Qb6 5. Nf3 Bd7 6. Bd3 cxd4 7. Nxd4 Nc6 8. Nf3
f6 9. exf6 Nxf6 10. O-O Bd6 11. c4 d4 12. Nbd2 e5 13. Ng5 Be7 14. Bxh7 O-O-O
15. Bd3 Nb4 16. Nde4 Nxd3 17. Qxd3 Nxe4 18. Nxe4 Qg6 19. Qe2 Qh7 20. h3 Bxh3
21. Ng5 Bxg5 22. Bxg5 Qg6 23. Qxe5 Rh5 24. f4 Bxg2 25. Kxg2 Qc2+ 26. Kg3 Qh2+
27. Kf3 Rh3+ 28. Kg4 Rg3+ 29. Kf5 Qh7+ 30. Ke6 Qg6+ 31. Bf6 Re3 0-1

[Event "Valencia tch - Division de Honor"]
[Site "Comunidad Valenciana"]
[Date "2009.01.31"]
[Round "4.3"]
[White "Mullor Gomez, Luis"]
[Black "Mengual Bolo, Carlos"]
[Result "1-0"]
[WhiteElo "2353"]
[BlackElo "2109"]
[PlyCount "39"]
[EventDate "2009.01.10"]
[EventType "team"]
[EventRounds "9"]
[EventCountry "ESP"]
[Source "lmi"]
[SourceDate "2009.01.10"]
[WhiteTeam "Alzicap"]
[BlackTeam "Oliva"]

1. e4 e6 2. Qe2 c5 3. f4 Nc6 4. Nf3 g6 5. d3 Bg7 6. g3 Nh6 7. Bg2 O-O 8. O-O f5
9. c3 b6 10. Nbd2 Bb7 11. e5 Nf7 12. Nc4 Qc7 13. h4 h5 14. Be3 d5 15. exd6 Nxd6
16. Bxc5 bxc5 17. Qxe6+ Nf7 18. Qxg6 Nh6 19. Ng5 Rf6 20. Bd5+ 1-0

[Event "Valencia tch - Division de Honor"]
[Site "Comunidad Valenciana"]
[Date "2009.01.31"]
[Round "4.5"]
[White "Mezcua Coronil, Felix"]
[Black "Reig Muñoz, Jose Enrique"]
[Result "1-0"]
[WhiteElo "2252"]
[BlackElo "2063"]
[PlyCount "61"]
[EventDate "2009.01.10"]
[EventType "team"]
[EventRounds "9"]
[EventCountry "ESP"]
[Source "lmi"]
[SourceDate "2009.01.10"]
[WhiteTeam "Alzicap"]
[BlackTeam "Oliva"]

1. e4 c5 2. Nc3 d6 3. f4 Nc6 4. Bb5 Bd7 5. Nf3 g6 6. O-O Bg7 7. Bxc6 Bxc6 8. d3
Qd7 9. Be3 Nh6 10. h3 f5 11. e5 Nf7 12. Qe2 Bxf3 13. Rxf3 O-O 14. exd6 Qxd6 15.
Re1 e5 16. fxe5 Bxe5 17. Rff1 Rae8 18. Qf3 b6 19. Kh1 h5 20. Bd2 c4 21. Nd5
Bxb2 22. Bb4 Qd8 23. Bxf8 Rxf8 24. dxc4 Qh4 25. Qf4 Qxf4 26. Nxf4 Nd6 27. Nxg6
Rf6 28. Ne7+ Kf7 29. Nd5 Rg6 30. c3 Rg3 31. Re7+ 1-0

[Event "Valencia tch - Division de Honor"]
[Site "Comunidad Valenciana"]
[Date "2009.01.31"]
[Round "4.6"]
[White "Pous Bargues, Jose Manuel"]
[Black "Sanchez Saez, Francisco"]
[Result "0-1"]
[WhiteElo "2115"]
[BlackElo "2183"]
[PlyCount "146"]
[EventDate "2009.01.10"]
[EventType "team"]
[EventRounds "9"]
[EventCountry "ESP"]
[Source "lmi"]
[SourceDate "2009.01.10"]
[WhiteTeam "Oliva"]
[BlackTeam "Alzicap"]

1. d4 Nf6 2. c4 g6 3. Nc3 Bg7 4. e4 d6 5. f3 O-O 6. Bg5 a6 7. Bd3 c5 8. d5 Nfd7
9. Nge2 Ne5 10. Rc1 b5 11. b3 Nbd7 12. cxb5 Nxd3+ 13. Qxd3 axb5 14. Qd2 Ba6 15.
O-O b4 16. Nd1 Re8 17. Bf4 Bb5 18. Ne3 Qa5 19. Rc2 Nb6 20. Rd1 c4 21. Nd4 c3
22. Qe1 Qa6 23. Nxb5 Qxb5 24. Ng4 Ra3 25. Bc1 Ra5 26. Be3 Rea8 27. Qf2 Nd7 28.
Bd4 f6 29. a4 bxa3 30. Bxc3 Qxb3 31. Bxa5 Rxa5 32. Rdd2 a2 33. Rxa2 Rxa2 34.
Rxa2 Qb1+ 35. Qf1 Qxa2 36. Qb5 Qa7+ 37. Kf1 f5 38. exf5 gxf5 39. Nf2 Bd4 40.
Nd3 Qa1+ 41. Ke2 Qa2+ 42. Kd1 Bc3 43. Kc1 Qd2+ 44. Kb1 Kf7 45. g4 Ne5 46. Nc1
Nc4 47. Qb3 Qd4 48. Kc2 Ne3+ 49. Kb1 Qb4 50. gxf5 Qxb3+ 51. Nxb3 Nxd5 52. Kc2
Be5 53. h3 Ne3+ 54. Kd3 Nxf5 55. f4 Bf6 56. Nd2 e6 57. Ke4 Kg6 58. Kf3 Nd4+ 59.
Kg4 h5+ 60. Kg3 d5 61. Kf2 Kf5 62. Ke3 Nc2+ 63. Kf3 Bd8 64. Nf1 h4 65. Nh2 Bc7
66. Ng4 Bxf4 67. Ke2 e5 68. Kd3 Nd4 69. Nf2 Nf3 70. Ke2 e4 71. Kf1 d4 72. Ng4
d3 73. Kf2 Nd4 0-1

[Event "Valencia tch - Division de Honor"]
[Site "Comunidad Valenciana"]
[Date "2009.01.31"]
[Round "4.7"]
[White "Reig Albero, Ferran"]
[Black "Colomar Llorca, Luis Miguel"]
[Result "1/2-1/2"]
[WhiteElo "2162"]
[BlackElo "2094"]
[PlyCount "34"]
[EventDate "2009.01.10"]
[EventType "team"]
[EventRounds "9"]
[EventCountry "ESP"]
[Source "lmi"]
[SourceDate "2009.01.10"]
[WhiteTeam "Alzicap"]
[BlackTeam "Oliva"]

1. e4 c5 2. Nf3 Nc6 3. d4 cxd4 4. Nxd4 e5 5. Nb5 a6 6. Nd6+ Bxd6 7. Qxd6 Qf6 8.
Qd2 Qg6 9. Nc3 Nf6 10. f3 d5 11. Nxd5 Nxd5 12. exd5 Nd4 13. Bd3 Bf5 14. O-O
Bxd3 15. Qxd3 Qxd3 16. cxd3 O-O 17. Bd2 Rfd8 1/2-1/2

[Event "Valencia tch - Division de Honor"]
[Site "Comunidad Valenciana"]
[Date "2009.01.31"]
[Round "4.8"]
[White "Blasco Frasquet, Raul"]
[Black "Clari Mascarell, Jose Javier"]
[Result "0-1"]
[WhiteElo "2047"]
[BlackElo "2167"]
[PlyCount "72"]
[EventDate "2009.01.10"]
[EventType "team"]
[EventRounds "9"]
[EventCountry "ESP"]
[Source "lmi"]
[SourceDate "2009.01.10"]
[WhiteTeam "Oliva"]
[BlackTeam "Alzicap"]

1. c4 e6 2. g3 c5 3. Bg2 Nc6 4. Nf3 d5 5. O-O Nf6 6. b3 Be7 7. Bb2 O-O 8. e3
dxc4 9. bxc4 Qd3 10. Qb3 Rd8 11. Qxd3 Rxd3 12. Rd1 Rd8 13. Nc3 Na5 14. d3 b6
15. Ne5 Bb7 16. Bxb7 Nxb7 17. Nb5 Rdc8 18. Rac1 Na5 19. Rc2 Nc6 20. Nxc6 Rxc6
21. Ba3 a6 22. Nc3 Bf8 23. Bb2 Rd8 24. Na4 b5 25. cxb5 axb5 26. Bxf6 gxf6 27.
Nc3 b4 28. Ne4 f5 29. Ng5 c4 30. Nf3 c3 31. Kf1 Ra6 32. Nd4 Rda8 33. Ra1 Bg7
34. Nb3 Ra3 35. Nd4 Bxd4 36. exd4 b3 0-1

[Event "Valencia tch - Division de Honor"]
[Site "Comunidad Valenciana"]
[Date "2009.02.07"]
[Round "5.1"]
[White "Fenollar Jorda, Manuel"]
[Black "Torres Sanchez, Jose"]
[Result "1/2-1/2"]
[WhiteElo "2341"]
[BlackElo "2330"]
[PlyCount "62"]
[EventDate "2009.01.10"]
[EventType "team"]
[EventRounds "9"]
[EventCountry "ESP"]
[Source "lmi"]
[SourceDate "2009.01.10"]
[WhiteTeam "Oliva"]
[BlackTeam "Burjassot"]

1. Nf3 Nf6 2. c4 e6 3. Nc3 c5 4. g3 Nc6 5. Bg2 d5 6. cxd5 exd5 7. d4 cxd4 8.
Nxd4 Be7 9. O-O O-O 10. Bg5 h6 11. Be3 Re8 12. Rc1 Na5 13. Nb3 Be6 14. Nxa5
Qxa5 15. Qa4 Qxa4 16. Nxa4 b6 17. Bd4 Rac8 18. Nc3 Ne4 19. Rfd1 Nxc3 20. Bxc3
d4 21. Rxd4 Bxa2 22. Ra1 Be6 23. Rxa7 Bf6 24. Rd3 Bc4 25. Bd5 Bxd5 26. Rxd5
Bxc3 27. bxc3 Rxe2 28. Rdd7 Rf8 29. Rab7 Re6 30. Kg2 Rf6 31. Rd3 Rc8 1/2-1/2